Semiótica, marketing y comunicación: bajo los signos, las estrategias
Saved in:
| Hovedforfatter: | |
|---|---|
| Format: | Bog |
| Sprog: | spansk |
| Udgivet: |
Barcelona
Paidos
1993
|
| Serier: | Paidos Comunicación, 52
|
| Fag: | |
| Tags: |
Tilføj Tag
Ingen Tags, Vær først til at tagge denne postø!
|
MARC
| LEADER | 00000nam a2200000 a 4500 | ||
|---|---|---|---|
| 001 | UCY4822 | ||
| 003 | CL-VaPUC | ||
| 008 | 950331e19930000SP |||||||||||||||||spa|d | ||
| 082 | 0 | 4 | |a 659.1 |b FLO |2 21 |
| 100 | 0 | |a Floch, Jean-Marie |e author |9 333333 | |
| 245 | 1 | 0 | |a Semiótica, marketing y comunicación: bajo los signos, las estrategias |
| 300 | |a 255 p | ||
| 942 | |c BK | ||
| 945 | |d 19950331 00:00:00 |a rbrito | ||
| 260 | |a Barcelona |b Paidos |c 1993 | ||
| 650 | 0 | |a Publicidad |9 314572 | |
| 650 | 0 | |a Marketing |9 259324 | |
| 650 | 0 | |a Semiótica |9 265317 | |
| 650 | 0 | |a Análisis de mercadeo |9 259322 | |
| 583 | |a last modification |c 19950331 00:00:00 |k Rodrigo Vera | ||
| 490 | 0 | |a Paidos Comunicación, 52 | |
| 999 | |c 232583 |d 232581 | ||
| 952 | |0 0 |1 0 |4 0 |6 659_100000000000000_FLO_1993 |7 0 |8 A |9 237293 |a BIBCUR |b BIBCUR |d 2019-11-15 |i 3071650 |o 659.1 FLO 1993 |p 3071650 |r 2025-04-22 |w 2019-11-15 |y BK |k PER | ||
| 952 | |0 0 |1 0 |4 0 |6 659_100000000000000_FLO_1993 |7 0 |8 A |9 237294 |a BIBCUR |b BIBCUR |d 2019-11-15 |i 3047512 |o 659.1 FLO 1993 |p 3047512 |r 2025-04-22 |w 2019-11-15 |y BK |k PER | ||
| 952 | |0 0 |1 0 |4 0 |6 659_100000000000000_FLO_1993 |7 0 |8 A |9 237295 |a FDOPOS |b FDOPOS |d 2019-11-15 |i 3013324 |o 659.1 FLO 1993 |p 3013324 |r 2025-01-22 |w 2019-11-15 |y BK |k MLA | ||